Obce okresu Mladá Boleslav - Statistics

General Stats
  • This quiz has been taken 75 times
  • The average score is 43 of 119
Answer Stats
Počet obyvatel Odpověď % Correct
47 346 Mladá Boleslav
100%
4 804 Bělá pod Bezdězem
89%
9 048 Mnichovo Hradiště
85%
7 879 Benátky nad Jizerou
81%
5 355 Bakov nad Jizerou
78%
5 247 Kosmonosy
74%
3 671 Dobrovice
67%
2 318 Luštěnice
63%
987 Bezno
59%
1 114 Brodce
59%
2 331 Kněžmost
59%
1 444 Chotětov
56%
888 Čistá
56%
3 011 Dolní Bousov
56%
842 Katusice
56%
593 Krnsko
56%
624 Horky nad Jizerou
52%
1 422 Bradlec
48%
1 080 Březno
48%
1 020 Předměřice nad Jizerou
48%
753 Hrdlořezy
44%
519 Kosořice
44%
282 Boreč
41%
804 Bukovno
41%
360 Jizerní Vtelno
41%
1 020 Klášter Hradiště nad Jizerou
41%
944 Kropáčova Vrutice
41%
1 119 Písková Lhota
41%
318 Ptýrov
41%
393 Skalsko
41%
1 514 Žďár
41%
529 Boseň
37%
882 Čachovice
37%
380 Charvatce
37%
499 Jabkenice
37%
443 Josefův Důl
37%
453 Kolomuty
37%
158 Kováň
37%
408 Ledce
37%
568 Mečeříž
37%
91 Mohelnice nad Jizerou
37%
191 Němčice
37%
422 Nepřevázka
37%
502 Plazy
37%
790 Řepov
37%
754 Semčice
37%
817 Smilovice
37%
605 Sojovice
37%
482 Vlkava
37%
640 Zdětín
37%
438 Židněves
37%
280 Branžež
33%
439 Březina
33%
247 Chudíř
33%
391 Dolní Slivno
33%
329 Dolní Stakory
33%
303 Domousnice
33%
374 Horní Slivno
33%
503 Jivina
33%
424 Lipník
33%
207 Loukov
33%
385 Loukovec
33%
310 Niměřice
33%
298 Nová Telib
33%
302 Nová Ves u Bakova
33%
309 Strašnov
33%
516 Tuřice
33%
405 Velké Všelisy
33%
298 Vinařice
33%
412 Žerčice
33%
433 Bítouchov
30%
355 Březovice
30%
426 Chocnějovice
30%
145 Ctiměřice
30%
244 Dolní Krupá
30%
73 Kluky
30%
515 Kochánky
30%
117 Kovanec
30%
60 Rabakov
30%
716 Skorkov
30%
130 Strážiště
30%
199 Strenice
30%
714 Všejany
30%
491 Dlouhá Lhota
26%
234 Hrušov
26%
162 Lhotky
26%
212 Mukařov
26%
245 Obrubce
26%
253 Obruby
26%
218 Pěčice
26%
90 Pětikozly
26%
85 Prodašice
26%
86 Řitonice
26%
183 Rokytovec
26%
127 Sezemice
26%
113 Ujkovice
26%
121 Bílá Hlína
22%
159 Doubravička
22%
279 Horní Bukovina
22%
166 Nemyslovice
22%
77 Neveklovice
22%
117 Přepeře
22%
270 Rohatsko
22%
374 Rokytá
22%
102 Sudoměř
22%
390 Sukorady
22%
124 Veselice
22%
263 Vinec
22%
169 Kobylnice
19%
119 Koryta
19%
188 Krásná Ves
19%
356 Petkovy
19%
266 Plužná
19%
259 Sedlec
19%
268 Dalovice
15%
161 Husí Lhota
15%
234 Košátky
15%
153 Vrátno
15%
298 Dobšín
11%
No matching quizzes found
Score Distribution
Percent of People with Each Score
Percentile by Number Answered
Your Score History
You have not taken this quiz